<?xml version="1.0" encoding="UTF-8"?>
<record
    xmlns:xsi="http://www.w3.org/2001/XMLSchema-instance"
    xsi:schemaLocation="http://www.loc.gov/MARC21/slim http://www.loc.gov/standards/marcxml/schema/MARC21slim.xsd"
    xmlns="http://www.loc.gov/MARC21/slim">

  <leader>00703nam1a22002051i 4500</leader>
  <controlfield tag="001">rc\3021114</controlfield>
  <controlfield tag="005">20240726074045.0</controlfield>
  <datafield tag="035" ind1=" " ind2=" ">
    <subfield code="a">(NLR Aleph) 007207980</subfield>
  </datafield>
  <datafield tag="090" ind1=" " ind2=" ">
    <subfield code="a">7659974</subfield>
    <subfield code="c">7659974</subfield>
  </datafield>
  <datafield tag="100" ind1=" " ind2=" ">
    <subfield code="a">20110928f19401949|||y0rusy50      ca</subfield>
  </datafield>
  <datafield tag="101" ind1="0" ind2=" ">
    <subfield code="a">rus</subfield>
  </datafield>
  <datafield tag="102" ind1=" " ind2=" ">
    <subfield code="a">RU</subfield>
  </datafield>
  <datafield tag="105" ind1=" " ind2=" ">
    <subfield code="a">y   z   |||||</subfield>
  </datafield>
  <datafield tag="200" ind1="1" ind2=" ">
    <subfield code="a">&#x41C;&#x430;&#x442;&#x435;&#x440;&#x438;&#x430;&#x43B;&#x44B; &#x438; &#x438;&#x441;&#x441;&#x43B;&#x435;&#x434;&#x43E;&#x432;&#x430;&#x43D;&#x438;&#x44F; &#x43F;&#x43E; &#x438;&#x441;&#x442;&#x43E;&#x440;&#x438;&#x438; &#x43A;&#x438;&#x440;&#x433;&#x438;&#x437; &#x438; &#x41A;&#x438;&#x440;&#x433;&#x438;&#x437;&#x441;&#x442;&#x430;&#x43D;&#x430;</subfield>
    <subfield code="e">&#x412;&#x44B;&#x43F;. 4-</subfield>
    <subfield code="f">&#x41A;&#x43E;&#x43C;&#x438;&#x442;&#x435;&#x442; &#x43D;&#x430;&#x443;&#x43A; &#x43F;&#x440;&#x438; &#x421;&#x41D;&#x41A; &#x41A;&#x438;&#x440;&#x433;. &#x421;&#x421;&#x420;</subfield>
  </datafield>
  <datafield tag="210" ind1=" " ind2=" ">
    <subfield code="a">&#x424;&#x440;&#x443;&#x43D;&#x437;&#x435;</subfield>
    <subfield code="c">&#x41A;&#x43E;&#x43C;. &#x43D;&#x430;&#x443;&#x43A; &#x43F;&#x440;&#x438; &#x421;&#x41D;&#x41A; &#x41A;&#x438;&#x440;&#x433;&#x438;&#x437;&#x441;&#x43A;. &#x421;&#x421;&#x420;</subfield>
    <subfield code="d">194?</subfield>
  </datafield>
  <datafield tag="215" ind1=" " ind2=" ">
    <subfield code="d">20 &#x441;&#x43C;</subfield>
  </datafield>
  <datafield tag="801" ind1=" " ind2="0">
    <subfield code="a">RU</subfield>
    <subfield code="b">NLR</subfield>
    <subfield code="g">psbo</subfield>
  </datafield>
  <datafield tag="801" ind1=" " ind2="1">
    <subfield code="a">RU</subfield>
    <subfield code="b">ELAR</subfield>
    <subfield code="2">rusmarc</subfield>
  </datafield>
  <datafield tag="852" ind1=" " ind2=" ">
    <subfield code="a">NLR</subfield>
    <subfield code="j">&#x418;&#x440;16 &#x413;-3/2(4)</subfield>
  </datafield>
  <datafield tag="942" ind1=" " ind2=" ">
    <subfield code="c">BOOK</subfield>
  </datafield>
</record>
